[Event "11. OSEM 2017"]
[Site "Büsum"]
[Date "2017.09.11"]
[Round "4.80"]
[White "Klügel, Jan"]
[Black "Petersen, Günter"]
[Result "0-1"]
[BlackElo "1615"]
[BlackTeam "Segeberger SF"]
[WhiteElo "1884"]
[WhiteTeam "SV Rendsburg"]

1. d4 Nf6 2. Bf4 d5 3. e3 e6 4. Bd3 Bd6 5. Bg3 Nbd7 6. Nd2 e5 7. dxe5 Bxe5 8. c3
O-O  9. Ngf3 Re8 10. Qc2 h6 11. O-O-O Bxg3 12. hxg3 Nc5 13. Rh4 Nxd3+ 14.
Qxd3 Ng4 15. Qe2 c6 16. Nd4 f5 17. N2b3 Qe7 18. Nd2 a5 19. Qf3 Ne5 20. Qe2 Ng6
21. Rh2 f4 22. Qh5 fxg3 23. fxg3 Ne5 24. Nf5 Bxf5 25. Qxf5 Rf8 26. Qc2 Ng4 27.
Rh4 Nxe3 28. Re1 Qg5 29. Qa4 Qxg3 30. Reh1 Rf6 31. Qd4 Raf8 32. R4h3 Qxg2 33.
Qxe3 Rf1+ 34. Nxf1 Rxf1+ 35. Rxf1 Qxf1+ 36. Kc2 Qf5+ 37. Kb3 b5 38. Rf3 Qg4 39.
Qe8+ Kh7  0-1

[Event "11. OSEM 2017"]
[Site "Büsum"]
[Date "2017.09.11"]
[Round "4.81"]
[White "Van Houten, Henk"]
[Black "Josting, Friedel"]
[Result "1-0"]
[BlackElo "1884"]
[BlackTeam "SG Bünde"]
[WhiteElo "1645"]
[WhiteTeam "SC Gronau"]

1. b3 b6 2. Nf3 Bb7 3. e3 c5 4. Bb2 Nf6 5. d3 g6 6. Nbd2 Bg7 7. Rb1 O-O  8.
g3 d6 9. Bg2 Nbd7 10. O-O  Qc7 11. c4 Bc6 12. Ne1 a5 13. f4 a4 14. Bxc6
Qxc6 15. Qf3 Qc7 16. d4 axb3 17. axb3 Ra2 18. Nd3 Rfa8 19. Ra1 Rxa1 20. Rxa1
Rxa1+ 21. Bxa1 Qa7 22. Bc3 e6 23. Qc6 Qb8 24. Nf2 h5 25. e4 Nf8 26. e5 dxe5 27.
dxe5 Ng4 28. Nxg4 hxg4 29. Ne4 Qd8 30. Nf2 g5 31. Qe4 gxf4 32. gxf4 Qh4 33. Qg2
Ng6 34. Bd2 Bh6 35. Qg3 Qxg3+ 36. hxg3 Nxe5 37. fxe5 Bxd2 38. Nxg4 Kg7 39. Kg2
Kg6 40. Kf3 Kf5 41. Nf6 Ba5 42. Nd7 Bc3 43. g4+ Kg5 44. Ke4 Kxg4 45. Nxb6 f5+
46. exf6 Bxf6 47. Nd7 Kg5 48. Nxc5 e5 49. Nd7 Bg7 50. c5 Bf6 51. b4 Bd8 52. b5
Bc7 53. b6  1-0

[Event "11. OSEM 2017"]
[Site "Büsum"]
[Date "2017.09.11"]
[Round "4.82"]
[White "Decho, Wilhelm"]
[Black "Deak-Willimsky, Emanuela"]
[Result "1-0"]
[BlackElo "1502"]
[BlackTeam "SF Furtwangen-Vöhrenbach"]
[WhiteElo "1750"]
[WhiteTeam "Vereinslos"]

1. d4 Nf6 2. c4 d6 3. Nc3 e5 4. dxe5 dxe5 5. Qxd8+ Kxd8 6. Nf3 Nbd7 7. Bg5 h6 8.
Bxf6+ gxf6 9. a3 c6 10. g3 Kc7 11. Bg2 Nb6 12. b3 Be6 13. O-O  h5 14. h4 a6
15. Kh2 Nd7 16. Bh3 Bh6 17. Bxe6 fxe6 18. b4 f5 19. e3 f4 20. gxf4 exf4 21. e4
Bg7 22. Rac1 Rhg8 23. Rc2 e5 24. Rg1 Rae8 25. Ng5 Nf6 26. f3 Kb8 27. Rcg2 Re7
28. Ne6 Ne8 29. Nxg7 Rgxg7 30. Rd1 Kc7 31. Kh3 Rxg2 32. Kxg2 Rg7+ 33. Kf2 Nd6
34. c5 Nc4 35. Nb1 Ne3 36. Rg1 Rd7 37. Rg5 Rd1 38. Nc3 Rc1 39. Ne2 Rc2 40. Rxh5
Ra2 41. Rxe5 Rxa3 42. Nxf4 Nd1+ 43. Kg3 Rb3 44. h5 Ne3 45. h6 Nc4 46. Re7+ Kb8
47. h7 Ka7 48. h8=Q Nd2 49. Qh5  1-0

[Event "11. OSEM 2017"]
[Site "Büsum"]
[Date "2017.09.11"]
[Round "4.83"]
[White "Engel, Peter"]
[Black "Kronseder, Michael"]
[Result "0-1"]
[BlackElo "1724"]
[BlackTeam "SV Hürth-Berrenrath"]
[WhiteElo "1448"]
[WhiteTeam "Schachpinguine Berlin"]

1. e4 c5 2. Nf3 g6 3. d4 cxd4 4. Qxd4 Nf6 5. Nc3 Nc6 6. Qe3 Bg7 7. Bc4 a6 8. a3
b5 9. Ba2 Bb7 10. O-O  O-O  11. Rd1 Na5 12. b3 Ng4 13. Qd3 Rc8 14. Bb2
Qc7 15. Nd5 Bxd5 16. Bxg7 Kxg7 17. Qxd5 Qxc2 18. Rd2 Qc3 19. Rad1 Nf6 20. Qd4
Nxb3 21. Bxb3 Qxb3 22. e5 Ng8 23. e6+ Nf6 24. exd7 Rcd8 25. g4 Qxf3 26. Rd3
Qxg4+ 27. Qxg4 Nxg4 28. h3 Ne5 29. Re3 Rxd7  0-1

[Event "11. OSEM 2017"]
[Site "Büsum"]
[Date "2017.09.11"]
[Round "4.84"]
[White "Westphal-Stubbe, Siegbert"]
[Black "Kaspschak, Karola"]
[Result "1-0"]
[BlackElo "1435"]
[BlackTeam "Sf Barsinghausen"]
[WhiteElo "1722"]
[WhiteTeam "SG Plöner See"]

1. d4 d5 2. c4 e6 3. e3 Nf6 4. Nc3 Bb4 5. Ne2 c6 6. a3 Ba5 7. b4 Bc7 8. c5 O-O
 9. g3 Re8 10. f4 Nbd7 11. Bg2 b6 12. O-O  h6 13. e4 dxe4 14. Nxe4 Nd5
15. N2c3 N7f6 16. Nxf6+ Qxf6 17. Nxd5 exd5 18. Ra2 Ba6 19. Rf3 Bc4 20. Raf2 Re4
21. Bb2 Rae8 22. Qa4 Re1+ 23. Bf1 Bxf1 24. Rxf1 Rxf1+ 25. Rxf1 a5 26. cxb6 Bxb6
27. bxa5 Ba7 28. Rc1 Rc8 29. Qb4 Rc7 30. Qd2 Rb7 31. Rd1 Rxb2 32. Qxb2 c5 33.
Qb7 Qe6 34. Qxa7 Qe3+ 35. Kg2 Qe2+ 36. Kh3 Qxd1 37. Qxc5 Qf1+ 38. Kh4 Qf3 39.
Qc8+ Kh7 40. Qf5+ Kg8 41. Qe5 g6 42. a6 h5 43. h3 Qxa3 44. Qb8+ Kg7 45. Qe5+
Kg8 46. Qf6 Qf8 47. a7 Qa8 48. f5 Qxa7 49. fxg6 fxg6 50. Qxg6+ Kf8 51. Qf6+ Kg8
52. Kxh5 Qh7+ 53. Qh6 Qf5+ 54. Qg5+ Qxg5+ 55. Kxg5 Kh7 56. Kf6  1-0

[Event "11. OSEM 2017"]
[Site "Büsum"]
[Date "2017.09.11"]
[Round "4.85"]
[White "Jovi, Klaus"]
[Black "Horn, Wilfried"]
[Result "1-0"]
[BlackElo "1412"]
[BlackTeam "SV Bad Schwartau"]
[WhiteElo "1608"]
[WhiteTeam "SV Grevenbroich"]

1. e4 c5 2. c3 e6 3. Nf3 d6 4. d4 cxd4 5. cxd4 Nf6 6. Nc3 Nc6 7. Bd3 Qc7 8. O-O
 e5 9. d5 Nb8 10. h3 Be7 11. Be3 a6 12. Rc1 Qd8 13. Na4 Nbd7 14. Qb3 b5 15.
Nc3 Nc5 16. Qd1 b4 17. Na4 Qa5 18. Nxc5 dxc5 19. Qb3 Bd6 20. Rc2 Nd7 21. Nd2
Nb6 22. Rfc1 Qa4 23. Bxc5 Qxb3 24. Nxb3 Bxc5 25. Nxc5 O-O  26. b3 f5 27. f3
g5 28. Ne6 Bxe6 29. dxe6 fxe4 30. Bxe4 Rab8 31. Rc7 Rfc8 32. Bxh7+ Kf8 33. Rf7+
Ke8 34. Rxc8+ Rxc8 35. Be4 Rd8 36. Bc6+ Nd7 37. Bxd7+  1-0

[Event "11. OSEM 2017"]
[Site "Büsum"]
[Date "2017.09.11"]
[Round "4.86"]
[White "Lambrecht, Harald"]
[Black "Berber, Theodor"]
[Result "1-0"]
[BlackElo "1627"]
[BlackTeam "SK Kaltenkirchen"]
[WhiteElo "1414"]
[WhiteTeam "SK Celle-Westercelle"]

1. d4 d5 2. c4 c6 3. Nc3 Nf6 4. Nf3 g6 5. Bg5 Bg7 6. e3 O-O  7. Bd3 Nbd7 8.
O-O  Re8 9. b4 Nb6 10. Nd2 dxc4 11. Nxc4 Nfd5 12. Nxd5 cxd5 13. Nd2 Be6 14.
Rc1 Rc8 15. Rc2 Nc4 16. Nxc4 dxc4 17. Be4 Qb6 18. a3 a6 19. Qf3 f6 20. Bh4 Rc7
21. d5 Bf7 22. Bg3 Rd7 23. Qe2 f5 24. Bf3 c3 25. Rd1 Rc8 26. e4 fxe4 27. Bxe4
Qf6 28. Qg4 Rcd8 29. Bh4 Qb6 30. Bg5 Bf6 31. Be3 Bxd5 32. Bxb6 h5  1-0

[Event "11. OSEM 2017"]
[Site "Büsum"]
[Date "2017.09.11"]
[Round "4.87"]
[White "Graffenberger, Marianne"]
[Black "Ketelsen, Herbert"]
[Result "1/2-1/2"]
[BlackElo "1565"]
[BlackTeam "SK Kaltenkirchen"]
[WhiteElo "1382"]
[WhiteTeam "Hamburger SK"]

1. e4 c5 2. Nf3 g6 3. c3 Bg7 4. d4 b6 5. Bc4 e6 6. O-O  Ne7 7. Re1 Bb7 8. d5
O-O  9. Bf4 a6 10. d6 Nc8 11. e5 b5 12. Bd3 Nb6 13. Be4 Bxe4 14. Rxe4 Nd5
15. Bg3 Nc6 16. c4 Nb6 17. cxb5 axb5 18. Qb3 Nd5 19. Qc2 Qb6 20. Nc3 Ndb4 21.
Qd1 f6 22. a4 Na7 23. Nxb5 Nxb5 24. axb5 Qxb5 25. Re1 Rab8 26. Re3  1/2-1/2

[Event "11. OSEM 2017"]
[Site "Büsum"]
[Date "2017.09.11"]
[Round "4.88"]
[White "Schumacher, Ursula"]
[Black "Howe, Dietrich"]
[Result "0-1"]
[BlackElo "1471"]
[BlackTeam "SK Kaltenkirchen"]
[WhiteElo "1519"]
[WhiteTeam "HTC Bad Neuenahr"]

1. c4 Nf6 2. Nc3 c5 3. g3 e6 4. Bg2 a6 5. e3 d6 6. Nge2 Nc6 7. O-O  Rb8 8.
d4 cxd4 9. exd4 Qc7 10. a3 Be7 11. b4 b6 12. Qd3 Bb7 13. Be3 Rc8 14. Rac1 Qb8
15. f4 O-O  16. Bh3 Rcd8 17. d5 exd5 18. cxd5 Na7 19. Bxb6 Rde8 20. Bg2 Nc8
21. Bd4 Qa8 { Schwarz gewinnt nach weiteren Zuegen (nicht rekonstruierbar)}  
0-1

[Event "11. OSEM 2017"]
[Site "Büsum"]
[Date "2017.09.11"]
[Round "4.89"]
[White "Geibel, Henning"]
[Black "Hadlich, Carmen"]
[Result "1/2-1/2"]
[BlackElo "1351"]
[BlackTeam "SV Holstein Quickborn"]
[WhiteElo "1475"]
[WhiteTeam "SV Bargteheide"]

1. e4 c5 2. Nf3 Nc6 3. Bc4 e6 4. O-O  g6 5. d4 d5 6. exd5 exd5 7. Bb5 Bd7 8.
Re1+ Nge7 9. Ng5 Nxd4 10. Bxd7+ Qxd7 11. c3 Nc6 12. Qf3 Qf5 13. Na3 Qxf3 14.
Nxf3 Bg7 15. Nb5 O-O  16. Bg5 Nf5 17. Rad1 f6 18. Bf4 Rad8 19. Nc7 Rf7 20.
Ne6 Re8 21. Nxc5 Rxe1+ 22. Nxe1 d4 23. g4 g5 24. Bxg5 fxg5 25. gxf5 dxc3 26.
bxc3 Bxc3 27. Ng2 Rxf5 28. Nxb7 Bd4 29. Rf1 Ne5 30. Ne3 Nf3+ 31. Kg2 Nh4+ 32.
Kg1 Rf4 33. Nd8 Bxe3 34. fxe3 Rxf1+ 35. Kxf1 Nf3 36. Kg2 Ne5 37. h3 Kg7 38. Kg3
Kg6 39. e4 h6 40. a4 a5 41. Nb7 Nc6 42. e5 Kf5 43. e6 Kxe6 44. Kg4 Kf6 45. Nc5 
1/2-1/2

[Event "11. OSEM 2017"]
[Site "Büsum"]
[Date "2017.09.11"]
[Round "4.91"]
[White "Langmann, Claus"]
[Black "Baumast, Bernd"]
[Result "1/2-1/2"]
[BlackElo "1583"]
[BlackTeam "SV Bad Oldesloe"]
[WhiteElo "1834"]
[WhiteTeam "Hamburger SK"]

1. e4 e5 2. d4 exd4 3. Nf3 Bb4+ 4. c3 dxc3 5. bxc3 Be7 6. Bc4 d6 7. Qb3 Be6 8.
Bxe6 fxe6 9. Qxe6 Qd7 10. Ng5 Qxe6 11. Nxe6 Kd7 12. Nxg7 Nf6 13. O-O  Nxe4
14. Bb2 Nc6 15. Nf5 Raf8 16. Nxe7 Nxe7 17. f3 Nc5 18. Rd1  1/2-1/2